Coupes du monde (football, rugby, basketball, hockey...) - Statistiques

Statistiques générales
  • Ce quiz a été pris 2 523 fois
  • Le résultat moyen est 164 sur 226
Statistiques - réponses
Group Hint 1 Hint 2 Réponse % Correct
Baseball 1974 3 Etats-Unis
99%
Baseball 2007 3 Etats-Unis
99%
Baseball 2009 3 Etats-Unis
99%
Basket-Ball 1954 5 Etats-Unis
99%
Basket-Ball 1986 5 Etats-Unis
99%
Basket-Ball 1994 5 Etats-Unis
99%
Basket-Ball 2010 5 Etats-Unis
99%
Basket-Ball 2019 5 Etats-Unis
99%
Hockey sur glace 1933 2 Etats-Unis
99%
Hockey sur glace 1960 2 Etats-Unis
99%
Volley-ball 1985 2 Etats-Unis
99%
Volley-ball 2015 2 Etats-Unis
99%
Water-polo 1991 2 Etats-Unis
99%
Water-polo 1997 2 Etats-Unis
99%
Football 1998 2 France
99%
Football 2018 2 France
99%
Handball 1995 6 France
99%
Handball 2001 6 France
99%
Handball 2009 6 France
99%
Handball 2011 6 France
99%
Handball 2015 6 France
99%
Handball 2017 6 France
99%
Football 2014 4 Allemagne
96%
Handball 1938 3 Allemagne
96%
Handball 2007 3 Allemagne
96%
Football 1954 4 Allemagne de l'Ouest
96%
Football 1974 4 Allemagne de l'Ouest
96%
Football 1990 4 Allemagne de l'Ouest
96%
Handball 1978 3 Allemagne de l'Ouest
96%
Water-polo 1985 1 Allemagne de l'Ouest
96%
Basket-Ball 2006 2 Espagne
96%
Basket-Ball 2014 2 Espagne
96%
Football 2010 1 Espagne
96%
Handball 2005 2 Espagne
96%
Handball 2013 2 Espagne
96%
Basket-Ball 1959 2 Brésil
95%
Basket-Ball 1963 2 Brésil
95%
Football 1958 5 Brésil
95%
Football 1962 5 Brésil
95%
Football 1970 5 Brésil
95%
Football 1994 5 Brésil
95%
Football 2002 5 Brésil
95%
Volley-ball 2003 3 Brésil
95%
Volley-ball 2007 3 Brésil
95%
Volley-ball 2019 3 Brésil
95%
Basket-Ball 1950 1 Argentine
94%
Football 1978 2 Argentine
94%
Football 1986 2 Argentine
94%
Football 1934 4 Italie
94%
Football 1938 4 Italie
94%
Football 1982 4 Italie
94%
Football 2006 4 Italie
94%
Volley-ball 1995 1 Italie
94%
Water-polo 1993 1 Italie
94%
Hockey sur glace 1920 26 Canada
92%
Hockey sur glace 1924 26 Canada
92%
Hockey sur glace 1928 26 Canada
92%
Hockey sur glace 1930 26 Canada
92%
Hockey sur glace 1931 26 Canada
92%
Hockey sur glace 1932 26 Canada
92%
Hockey sur glace 1934 26 Canada
92%
Hockey sur glace 1935 26 Canada
92%
Hockey sur glace 1937 26 Canada
92%
Hockey sur glace 1938 26 Canada
92%
Hockey sur glace 1939 26 Canada
92%
Hockey sur glace 1948 26 Canada
92%
Hockey sur glace 1950 26 Canada
92%
Hockey sur glace 1951 26 Canada
92%
Hockey sur glace 1952 26 Canada
92%
Hockey sur glace 1955 26 Canada
92%
Hockey sur glace 1958 26 Canada
92%
Hockey sur glace 1959 26 Canada
92%
Hockey sur glace 1961 26 Canada
92%
Hockey sur glace 1994 26 Canada
92%
Hockey sur glace 1997 26 Canada
92%
Hockey sur glace 2003 26 Canada
92%
Hockey sur glace 2004 26 Canada
92%
Hockey sur glace 2007 26 Canada
92%
Hockey sur glace 2015 26 Canada
92%
Hockey sur glace 2016 26 Canada
92%
Baseball 1938 1 Royaume-Uni
92%
Hockey sur glace 1936 1 Royaume-Uni
92%
Football 1966 1 Angleterre
89%
Rugby à XV 2003 1 Angleterre
89%
Football 1930 2 Uruguay
87%
Football 1950 2 Uruguay
87%
Handball 1993 3 Russie
84%
Handball 1997 3 Russie
84%
Hockey sur glace 1993 27 Russie
84%
Hockey sur glace 2008 27 Russie
84%
Hockey sur glace 2009 27 Russie
84%
Hockey sur glace 2012 27 Russie
84%
Hockey sur glace 2014 27 Russie
84%
Volley-ball 1999 6 Russie
84%
Volley-ball 2011 6 Russie
84%
Water-polo 2002 3 Russie
84%
Handball 1954 4 Suède
82%
Handball 1958 4 Suède
82%
Handball 1990 4 Suède
82%
Handball 1999 4 Suède
82%
Hockey sur glace 1953 11 Suède
82%
Hockey sur glace 1957 11 Suède
82%
Hockey sur glace 1962 11 Suède
82%
Hockey sur glace 1987 11 Suède
82%
Hockey sur glace 1991 11 Suède
82%
Hockey sur glace 1992 11 Suède
82%
Hockey sur glace 1998 11 Suède
82%
Hockey sur glace 2006 11 Suède
82%
Hockey sur glace 2013 11 Suède
82%
Hockey sur glace 2017 11 Suède
82%
Hockey sur glace 2018 11 Suède
82%
Rugby à XV 1991 2 Australie
81%
Rugby à XV 1999 2 Australie
81%
Handball 2019 2 Danemark
79%
Handball 2021 2 Danemark
79%
Rugby à XV 1987 3 Nouvelle-Zélande
77%
Rugby à XV 2011 3 Nouvelle-Zélande
77%
Rugby à XV 2015 3 Nouvelle-Zélande
77%
Rugby à XV 1995 3 Afrique du Sud
70%
Rugby à XV 2007 3 Afrique du Sud
70%
Rugby à XV 2019 3 Afrique du Sud
70%
Hockey sur glace 1995 3 Finlande
65%
Hockey sur glace 2011 3 Finlande
65%
Hockey sur glace 2019 3 Finlande
65%
Basket-Ball 1967 3 URSS
65%
Basket-Ball 1974 3 URSS
65%
Basket-Ball 1982 3 URSS
65%
Hockey sur glace 1954 27 URSS
65%
Hockey sur glace 1956 27 URSS
65%
Hockey sur glace 1963 27 URSS
65%
Hockey sur glace 1964 27 URSS
65%
Hockey sur glace 1965 27 URSS
65%
Hockey sur glace 1966 27 URSS
65%
Hockey sur glace 1967 27 URSS
65%
Hockey sur glace 1968 27 URSS
65%
Hockey sur glace 1969 27 URSS
65%
Hockey sur glace 1970 27 URSS
65%
Hockey sur glace 1971 27 URSS
65%
Hockey sur glace 1973 27 URSS
65%
Hockey sur glace 1974 27 URSS
65%
Hockey sur glace 1975 27 URSS
65%
Hockey sur glace 1978 27 URSS
65%
Hockey sur glace 1979 27 URSS
65%
Hockey sur glace 1981 27 URSS
65%
Hockey sur glace 1982 27 URSS
65%
Hockey sur glace 1983 27 URSS
65%
Hockey sur glace 1986 27 URSS
65%
Hockey sur glace 1989 27 URSS
65%
Hockey sur glace 1990 27 URSS
65%
Volley-ball 1965 6 URSS
65%
Volley-ball 1977 6 URSS
65%
Volley-ball 1981 6 URSS
65%
Volley-ball 1991 6 URSS
65%
Water-polo 1981 3 URSS
65%
Water-polo 1983 3 URSS
65%
Handball 1982 3 URSS
62%
Handball 2003 1 Croatie
56%
Water-polo 2010 2 Serbie
56%
Water-polo 2014 2 Serbie
56%
Basket-Ball 1970 5 Yougoslavie
55%
Basket-Ball 1978 5 Yougoslavie
55%
Basket-Ball 1990 5 Yougoslavie
55%
Basket-Ball 1998 5 Yougoslavie
55%
Basket-Ball 2002 5 Yougoslavie
55%
Handball 1986 1 Yougoslavie
55%
Water-polo 1987 2 Yougoslavie
55%
Water-polo 1989 2 Yougoslavie
55%
Baseball 2011 1 Pays-Bas
54%
Baseball 1939 25 Cuba
51%
Baseball 1940 25 Cuba
51%
Baseball 1942 25 Cuba
51%
Baseball 1943 25 Cuba
51%
Baseball 1950 25 Cuba
51%
Baseball 1952 25 Cuba
51%
Baseball 1953 25 Cuba
51%
Baseball 1961 25 Cuba
51%
Baseball 1969 25 Cuba
51%
Baseball 1970 25 Cuba
51%
Baseball 1971 25 Cuba
51%
Baseball 1972 25 Cuba
51%
Baseball 1973 25 Cuba
51%
Baseball 1976 25 Cuba
51%
Baseball 1978 25 Cuba
51%
Baseball 1980 25 Cuba
51%
Baseball 1984 25 Cuba
51%
Baseball 1986 25 Cuba
51%
Baseball 1988 25 Cuba
51%
Baseball 1990 25 Cuba
51%
Baseball 1994 25 Cuba
51%
Baseball 1998 25 Cuba
51%
Baseball 2001 25 Cuba
51%
Baseball 2003 25 Cuba
51%
Baseball 2005 25 Cuba
51%
Volley-ball 1989 1 Cuba
51%
Water-polo 1979 4 Hongrie
49%
Water-polo 1995 4 Hongrie
49%
Water-polo 1999 4 Hongrie
49%
Water-polo 2018 4 Hongrie
49%
Baseball 1982 1 Corée du Sud
48%
Hockey sur glace 2002 1 Slovaquie
44%
Hockey sur glace 1996 6 République tchèque
42%
Hockey sur glace 1999 6 République tchèque
42%
Hockey sur glace 2000 6 République tchèque
42%
Hockey sur glace 2001 6 République tchèque
42%
Hockey sur glace 2005 6 République tchèque
42%
Hockey sur glace 2010 6 République tchèque
42%
Handball 1961 4 Roumanie
42%
Handball 1964 4 Roumanie
42%
Handball 1970 4 Roumanie
42%
Handball 1974 4 Roumanie
42%
Baseball 1947 2 Colombie
41%
Baseball 1965 2 Colombie
41%
Handball 1967 1 Tchécoslovaquie
38%
Hockey sur glace 1947 6 Tchécoslovaquie
38%
Hockey sur glace 1949 6 Tchécoslovaquie
38%
Hockey sur glace 1972 6 Tchécoslovaquie
38%
Hockey sur glace 1976 6 Tchécoslovaquie
38%
Hockey sur glace 1977 6 Tchécoslovaquie
38%
Hockey sur glace 1985 6 Tchécoslovaquie
38%
Baseball 1941 3 Venezuela
29%
Baseball 1944 3 Venezuela
29%
Baseball 1945 3 Venezuela
29%
Volley-ball 1969 1 Allemagne de l'Est
26%
Baseball 1948 1 République dominicaine
17%
Baseball 1951 1 Porto Rico
13%
Water-polo 2006 1 Serbie-et-Monténégro
4%
Aucun quiz correspondant
Distribution des résultats
% des personnes avec chaque résultat
Percentile par nombre de réponses
Votre historique - résultats
Vous n’avez pas pris ce quiz